AH International Schools' Libraries

Code your own website: (Record no. 49493)

MARC details
000 -LEADER
fixed length control field 00347nam a2200121 4500
020 ## - INTERNATIONAL STANDARD BOOK NUMBER
International Standard Book Number 9780753475126
100 ## - MAIN ENTRY--PERSONAL NAME
Personal name Basher
9 (RLIN) 86653
245 ## - TITLE STATEMENT
Title Code your own website:
Remainder of title a really useful guide to basic programming /
Statement of responsibility, etc Basher
260 ## - PUBLICATION, DISTRIBUTION, ETC. (IMPRINT)
Place of publication, distribution, etc London
Name of publisher, distributor, etc Kingfisher
Date of publication, distribution, etc 2019
300 ## - PHYSICAL DESCRIPTION
Extent 96 p.
Other physical details col. ill.
Dimensions 23 cm.
650 ## - SUBJECT ADDED ENTRY--TOPICAL TERM
Topical term or geographic name as entry element website
9 (RLIN) 86654
942 ## - ADDED ENTRY ELEMENTS (KOHA)
Source of classification or shelving scheme
Koha item type Book
Holdings
Withdrawn status Lost status Source of classification or shelving scheme Damaged status Not for loan Collection code Home library Current library Shelving location Date acquired Total Checkouts Full call number Barcode Date last seen Price effective from Koha item type
          TEACHERS' RESOURCES Asian Hope Primary Library Asian Hope Primary Library Non Fiction 09/03/2025   006.76 BAS 209403 09/03/2025 09/03/2025 Book

For any Logos Library related questions please contact Miss Art at swongnarasuk@asianhope.org.

For any Asian Hope Library related questions please contact Miss Raza at graza@asianhope.org.

Powered by Koha